Data and Goliath : the Hidden Battles to Collect Your Data and Control Your World /

You are under surveillance right now... your cell phone provider tracks your location, your online and in-store purchasing patterns are recorded, Facebook can determine your sexual orientation without you ever mentioning it. Corporations use surveillance to manipulate the prices we're offered;...

Full description

Bibliographic Details
Main Author: Schneier, Bruce, 1963- (Author)
Format: Book
Language:English
Language Notes:Text in English.
Published: New York, NY : W.W. Norton & Company, [2015]
Edition:First edition.
Subjects:

MARC

Tag First Indicator Second Indicator Subfields
LEADER 00000cam a22000008i 4500
001 in00003516640
005 20151106041026.0
008 150302t20152015nyu b 001 0 eng
010 |a  2014048365 
019 |a 904423986 
020 |a 9780393244816 (hardcover) :  |c $27.95 
020 |a 0393244814 (hardcover) 
035 |a (OCoLC)ocn904399710 
035 |a (OCoLC)904399710  |z (OCoLC)904423986 
040 |a DLC  |b eng  |e rda  |c DLC  |d DAD  |d ABG  |d ILC  |d CDX  |d MEU  |d UtOrBLW 
042 |a pcc 
049 |a TXAM 
050 0 0 |a HM846  |b .S362 2015 
082 0 0 |a 005.8  |2 23 
100 1 |a Schneier, Bruce,  |d 1963-  |e author. 
245 1 0 |a Data and Goliath :  |b the Hidden Battles to Collect Your Data and Control Your World /  |c Bruce Schneier. 
250 |a First edition. 
264 1 |a New York, NY :  |b W.W. Norton & Company,  |c [2015] 
264 4 |c ©2015 
300 |a 383 pages ;  |c 24 cm 
336 |a text  |b txt  |2 rdacontent 
337 |a unmediated  |b n  |2 rdamedia 
338 |a volume  |b nc  |2 rdacarrier 
546 |a Text in English. 
504 |a Includes bibliographical references (pages [243]-364) and index. 
520 |a You are under surveillance right now... your cell phone provider tracks your location, your online and in-store purchasing patterns are recorded, Facebook can determine your sexual orientation without you ever mentioning it. Corporations use surveillance to manipulate the prices we're offered; governments use surveillance to discriminate, censor, and put people in danger worldwide. Schneier shows what we can do to reform our government surveillance programs and shake up surveillance-based business models, while also providing tips for you to protect your privacy every day. 
505 0 |a The world we're creating. Data as a by-product of computing ; Data as surveillance ; Analyzing our data ; The business of surveillance ; Government surveillance and control ; Consolidation of institutional control -- What's at stake. Political liberty and justice ; Commercial fairness and equality ; Business competitiveness ; Privacy ; Security -- What to do about it. Principles ; Solutions for government ; Solutions for corporations ; Solutions for the rest of us ; Social norms and the big data trade-off. 
650 0 |a Electronic surveillance  |x Social aspects. 
650 0 |a Information technology  |x Social aspects. 
650 0 |a Computer security. 
650 0 |a Privacy, Right of. 
650 0 |a Social control. 
948 |a cataloged  |b h  |c 2015/4/10  |d c  |e ceaton  |f 12:24:28 pm 
994 |a C0  |b TXA 
999 |a MARS 
999 f f |s cf90c952-8e24-378f-8aed-23ce385045f1  |i 9fa3b1e3-b3b6-3eae-8789-ebacf99eacb6  |t 0 
952 f f |p 4_hour  |a Texas A&M University  |b College Station  |c Sterling C. Evans Library  |d Evans: Media and Reserves (Evans 1st floor)  |t 0  |e HM846 .S362 2015  |h Library of Congress classification  |i unmediated -- volume  |m A14843049058 
998 f f |a HM846 .S362 2015  |t 0  |l Evans: Library Stacks